• 首页
  • 本馆介绍
  • 公告通知
  • 最新文献
  • 馆藏检索
  • 电子资源
  • 读者导购
  • 参考咨询
  • 我的图书馆
  • 登录
  • 详细信息显示
  • 放入我的书架
  • 预约/预借图书
  • 作者相关作品
  • 分类相关作品
  • 丛书相关作品
  • 出版社相关作品

书目信息

  • 表格格式
  • 工作单格式
  • 卡片格式
题名:
国际经济法与旅游产业经济学研究
    
 
作者: 王菁 著
分册:  
出版信息: 广州   广东旅游出版社  2021
页数: 186页
开本: 24cm
丛书名:
单 册:
中图分类: D996 , F590
科图分类:
主题词: 国际经济法--guo ji jing ji fa--研究 , 旅游业--lv you ye--产业经济学--研究
电子资源:
ISBN: 978-7-5570-2389-8
000 01269nam0 2200265 450
001 2151110718
005 20211018173724.0
010    @a978-7-5570-2389-8@dCNY58.00
100    @a20210525d2021 em y0chiy0120 ea
101 0  @achi
102    @aCN@b440000
105    @ay az 000yy
106    @ar
200 1  @a国际经济法与旅游产业经济学研究@Aguo ji jing ji fa yu lv you chan ye jing ji xue yan jiu@f王菁著
210    @a广州@c广东旅游出版社@d2021
215    @a186页@d24cm
320    @a有书目 (第185-186页)
330    @a本书以国际经济法、经济学、产业经济学、管理学、旅游学为支撑学科,注重旅游经济、法律理论体系构建与旅游产业发展实践相结合,遵循“旅游市场--旅游产业--旅游经济运行--旅游法律保障”这一主线,按照旅游经济的微观层面(旅游产品生产与消费)、中观层面(旅游产业融合与投资)和宏观层面(旅游经济管理与政策)这一顺序形成理论构架和内容体系。同时书中全面、系统、逻辑地介绍国际经济法实际涵盖的内容,尽可能全面、系统地介绍国际经济法这门新兴法学学科的基本情况,重点介绍与法学教育目的密切相关的国际经济法主要分支部门的法律现状。
606 0  @a国际经济法@Aguo ji jing ji fa@x研究
606 0  @a旅游业@Alv you ye@x产业经济学@x研究
690    @aD996@v5
690    @aF590@v5
701  0 @a王菁@Awang jing@4著
801  0 @aCN@b百万庄@c20211016
905    @b1310028-031@dD996@e199@f4
    
    国际经济法与旅游产业经济学研究/王菁著.-广州:广东旅游出版社,2021
    186页;24cm
    
    
    ISBN 978-7-5570-2389-8:CNY58.00
    本书以国际经济法、经济学、产业经济学、管理学、旅游学为支撑学科,注重旅游经济、法律理论体系构建与旅游产业发展实践相结合,遵循“旅游市场--旅游产业--旅游经济运行--旅游法律保障”这一主线,按照旅游经济的微观层面(旅游产品生产与消费)、中观层面(旅游产业融合与投资)和宏观层面(旅游经济管理与政策)这一顺序形成理论构架和内容体系。同时书中全面、系统、逻辑地介绍国际经济法实际涵盖的内容,尽可能全面、系统地介绍国际经济法这门新兴法学学科的基本情况,重点介绍与法学教育目的密切相关的国际经济法主要分支部门的法律现状。
●
相关链接 在E读中查询图书 在五车中查询图书 在当当中查询图书 在豆瓣中查询图书


正题名:国际经济法与旅游产业经济学研究     索取号:D996/199         预约/预借

序号 登录号 条形码 馆藏地/架位号 状态 备注
1 1310028   213100286   第一样本阅览室/ [索取号:D996/199] 在馆    
2 1310029   213100295   第一借阅区/ [索取号:D996/199] 在馆    
3 1310030   213100302   第一借阅区/ [索取号:D996/199] 在馆    
4 1310031   213100311   第一借阅区/ [索取号:D996/199] 在馆    
唐山师范学院图书馆 欢迎您!
大连网信软件有限公司© 版权所有